Pouvoir et administration dans la société socialiste / (Record no. 134937)
[ view plain ]
| 000 -LEADER | |
|---|---|
| campo de control de longitud fija | 00728nam a2200205 i 4500 |
| 001 - NÚMERO DE CONTROL | |
| campo de control | 134937 |
| 003 - IDENTIFICADOR DE NÚMERO DE CONTROL | |
| campo de control | ES-MaACL |
| 005 - FECHA Y HORA DE LA ÚLTIMA TRANSACCIÓN | |
| campo de control | 20250727062611.0 |
| 007 - CAMPO FIJO DE DESCRIPCIÓN FÍSICA--INFORMACIÓN GENERAL | |
| campo de control de longitud fija | t| |
| 008 - DATOS DE LONGITUD FIJA--INFORMACIÓN GENERAL | |
| campo de control de longitud fija | 070703s1973 fr ||||1| fre d |
| 100 1# - ENTRADA PRINCIPAL--NOMBRE DE PERSONA | |
| Nombre de persona | Tikhomirov, Jurij Aleksandrovic. |
| 9 (RLIN) | 110254 |
| 245 10 - MENCIÓN DEL TÍTULO | |
| Título | Pouvoir et administration dans la société socialiste / |
| Mención de responsabilidad, etc. | par Ju.A. Tikhomirov ; préface de Pierre Lavigne. |
| 260 ## - PUBLICACIÓN, DISTRIBUCIÓN, ETC. | |
| Lugar de publicación, distribución, etc. | Paris : |
| Nombre del editor, distribuidor, etc. | Centre National de la Recherche Scientifique, |
| Fecha de publicación, distribución, etc. | 1973. |
| 300 ## - DESCRIPCIÓN FÍSICA | |
| Extensión | XVI, 191 p. ; |
| Dimensiones | 24 cm. |
| 650 17 - PUNTO DE ACCESO ADICIONAL DE MATERIA--TÉRMINO DE MATERIA | |
| Término de materia o nombre geográfico como elemento de entrada | Socialismo |
| Fuente del encabezamiento o término | embne |
| 9 (RLIN) | 17147 |
| 700 1# - ENTRADA AGREGADA--NOMBRE PERSONAL | |
| Nombre de persona | Lavigne, Pierre. |
| 9 (RLIN) | 70719 |
| 710 2# - ENTRADA AGREGADA--NOMBRE DE ENTIDAD CORPORATIVA | |
| Nombre de entidad corporativa o nombre de jurisdicción como elemento de entrada | Centre National de la Recherche Scientifique (Francia) |
| 9 (RLIN) | 2559 |
| 852 ## - LOCALIZACIÓN | |
| Ubicación | ES-MaACL |
| Número de control de estantería | E-6015 |
| Sublocalización o colección | R.90186 |
| Estatus retirado | Estado de pérdida | Estado de daño | No para préstamo | Biblioteca de origen | Biblioteca actual | Ubicación en estantería | Fecha de adquisición | Fuente de adquisición | Total de préstamos | Signatura topográfica completa | Código de barras | Visto por última vez | Precio de reemplazo | Tipo de ítem Koha |
|---|---|---|---|---|---|---|---|---|---|---|---|---|---|---|
| Biblioteca del Ateneo de Madrid | Biblioteca del Ateneo de Madrid | Depósito 2 | 17/01/2008 | E-6015 | 1140451 | 23/02/2023 | 23/02/2023 | Libro impreso |
